000 01217nam a2200301 i 4500
001 106448
003 ES-MaACL
005 20251107134601.0
007 t|
008 030902s1930 sp |||| |dspa d
080 _a94(460.235 B.)"18"
080 _a94(460)"1843/68"
080 _a94(460)"1868/74"
100 1 _aMasriera, Arturo.
_978776
245 1 0 _aBarcelona isabelina y revolucionaria :
_bepisodios, anéctodas [sic], recuerdos, documentos /
_cArturo Masriera.
246 3 4 _aBarcelona isabelina y revolucionaria :
_bepisodios, anécdotas, recuerdos, documentos
260 _aBarcelona :
_bPolíglota,
_c1930.
300 _a465 p. ;
_c20 cm.
504 _aBibliografía: p. [457]-462.
530 _aDisponible en formato digital.
651 4 _aBarcelona-
_xHistoria-
_yS.XIX.
_9149268
651 4 _aEspaña-
_xHistoria-
_z1843-1868, Isabel II
_98256
651 4 _aEspaña-
_xHistoria-
_y1868-1874, Sexenio revolucionario
_98260
852 4 _aES-MaACL
_jL-31876
_cDEPO2
_hDonativo herederos de la biblioteca de Mª del Pilar Costa Palacín
856 4 _uhttp://bdh-rd.bne.es/viewer.vm?id=0000191748&page=1
_y(Biblioteca Digital Hispánica)
942 _2udc
999 _c106448
_d106448